[Event "Asuncion Semana Santa del CDPS"]
[Site "Asuncion"]
[Date "2011.04.23"]
[Round "7.10"]
[White "Salinas, Victor"]
[Black "Sartori, Alvaro"]
[Result "1/2-1/2"]
[WhiteElo "1667"]
[BlackElo "1683"]
[PlyCount "147"]
[EventDate "2011.04.20"]
[EventType "swiss"]
[EventRounds "7"]
[EventCountry "PAR"]
[SourceTitle "EXT 2023"]
[Source "ChessBase"]
[SourceDate "2022.10.05"]
[SourceVersion "1"]
[SourceVersionDate "2022.10.05"]
[SourceQuality "1"]

1. d4 Nf6 2. Nf3 d5 3. Bf4 c6 4. e3 Bg4 5. Nbd2 e6 6. c3 Bd6 7. Bg3 Bxf3 8. Nxf3 Ng4 9. Bd3 Bxg3 10. hxg3 Nd7 11. Qc2 f5 12. 0-0-0 Ndf6 13. Ne5 Rg8 14. Rh3 Nh6 15. Rh4 Nf7 16. Rdh1 h6 17. Ng6 Nh8 18. Ne5 Nf7 19. Nxf7 Kxf7 20. f3 Qd6 21. g4 fxg4 22. fxg4 Qg3 23. Qe2 Raf8 24. R1h3 Qd6 25. Rf3 Ke7 26. e4 dxe4 27. Bxe4 Nxe4 28. Qxe4 Qd5 29. Qxd5 cxd5 30. Rh5 Rf6 31. g5 Rxf3 32. gxf3 hxg5 33. Rxg5 Kf6 34. Re5 g5 35. Kd2 Rh8 36. Re2 Rh3 37. Rf2 Kf5 38. Ke2 Kf4 39. b3 Rh1 40. a4 a5 41. c4 Rb1 42. cxd5 exd5 43. Rg2 Rb2+ 44. Kf1 Rxb3 45. Rc2 Rxf3+ 46. Ke2 Re3+ 47. Kf2 g4 48. Rc7 g3+ 49. Kg2 Re2+ 50. Kf1 Rf2+ 51. Kg1 Rb2 52. Rf7+ Ke4 53. Rg7 g2 54. Rg4+ Kd3 55. Kh2 Kc4 56. Kg1 Kb4 57. Rg5 Kc4 58. Rg4 b5 59. axb5 a4 60. b6 a3 61. Rxg2 Kxd4 62. Rg4+ Kc5 63. Ra4 a2 64. b7 d4 65. Rxa2 Rxb7 66. Rc2+ Kd5 67. Kf2 Re7 68. Re2 Rc7 69. Ke1 Rc3 70. Kd2 Kc4 71. Re8 Rd3+ 72. Kc2 Re3 73. Rc8+ Kd5 74. Kd2 1/2-1/2